000 00862cam a22002774a 4500
008
020 _a0072283645 (hbk.)
049 _aMAIN
090 _aTK454
_bHAY
100 1 _aHayt, William Hart.
245 1 0 _aEngineering circuit analysis /
_cWilliam H. Hayt, Jack E. Kemmerly, Steven M. Durbin.
250 _a6th ed.
260 _aBoston, Mass. :
_bMcGraw-Hill,
_c2002.
300 _axviii, 781 p. :
_bill. ;
_c26 cm.
440 0 _aMcGraw-Hill series in electrical and computer engineering.
500 _aIncludes index.
650 0 _aElectric circuit analysis.
650 0 _aElectric network analysis.
700 1 _aKemmerly, Jack E.
700 1 _aDurbin, Steven M.
907 _a.b10253671
_b16-04-09
_c11-03-08
003
005 20230123124854.0
040 _cNUST
942 _cBOOKS
_kTK454
_mHAY
999 _c131739
_d131739